000 004690000a22001810004500
003 LK-CoMWRAF
005 20230928075051.0
008 230817t ||||| |||| 00| 0 eng d
040 _aLK-CoMWRAF
_dLK-CoMWRAF
_eLK-CoMWRAF
041 _aeng
082 _a297.2
_bSID
100 _aSiddiqui, Abdul Hameed
245 _aProphethood in Islam
260 _aDelhi (India) :
_bMarkaza Maktaba Islami,
_c1974
300 _a92p
650 _a Prophecy -- Islam
942 _cBK
999 _c1612
_d1612